| 000 | 00789nam a22002177a 4500 | ||
|---|---|---|---|
| 999 |
_c20488 _d20488 |
||
| 003 | AR-CdUCM | ||
| 008 | 190403b ||||| |||| 00| 0 spa d | ||
| 040 |
_aMUNICIPALIDAD PROVINCIAL DEL CUSCO _cBIBLIOTECA MUNICIPAL DEL CUSCO |
||
| 082 |
_a910.7 / _bM26 |
||
| 100 |
_aMarrero, Levi _928582 |
||
| 245 | _aViajemos por América / | ||
| 260 |
_aBogota : _bCultural, _c1962. |
||
| 300 |
_a224 páginas _c27 cm. _bIlustraciones. |
||
| 440 |
_aColección geográfica visualizada. _928583 |
||
| 505 | _aContenido :Viajemos por América -- Los mapas -- Forma y tamaño de la tierra -- la esfera terrestre -- La latitud y la longitud... | ||
| 650 |
_aGeografía mundial _91554 |
||
| 650 |
_aUniverso _918615 |
||
| 650 |
_aPaíses de América _942830 |
||
| 942 |
_2ddc _cLIBROS |
||
| 945 | _aJavier | ||